[Event "NCA-chT final"]
[Site "Managua"]
[Date "2018.11.11"]
[Round "8.3"]
[White "Granados Ortiz, Maria Jose"]
[Black "Quezada Mendez, Cesar Andres"]
[Result "0-1"]
[WhiteElo "1656"]
[BlackElo "1632"]
[PlyCount "98"]
[EventDate "2018.10.27"]
[EventType "team-tourn"]
[EventRounds "11"]
[EventCountry "NCA"]
[SourceTitle "EXT 2020"]
[Source "ChessBase"]
[SourceDate "2019.10.17"]
[SourceVersion "1"]
[SourceVersionDate "2019.10.17"]
[SourceQuality "1"]

1. e4 d5 2. exd5 Nf6 3. d4 Nxd5 4. Nf3 g6 5. Be2 Bg7 6. c3 0-0 7. 0-0 Nc6 8. Nbd2 e5 9. dxe5 Nxe5 10. Nxe5 Bxe5 11. Nf3 Bg7 12. Bg5 Bf6 13. Bxf6 Nxf6 14. Qxd8 Rxd8 15. Bc4 Bd7 16. Rfe1 b5 17. Bb3 c5 18. Re7 c4 19. Bc2 Kf8 20. Re5 Re8 21. Rae1 Rxe5 22. Rxe5 Re8 23. Rxe8+ Bxe8 24. Kf1 Ke7 25. Ng5 Bc6 26. Bd1 h6 27. Bf3 Bxf3 28. Nxf3 Kd6 29. Nd4 Kc5 30. Nf3 Nd7 31. Ke2 a5 32. Kd2 b4 33. Kc2 a4 34. Kd2 b3 35. a3 Kd5 36. Ke3 Nc5 37. Ne1 Ne4 38. Nf3 g5 39. g4 Nc5 40. Ne1 Ke5 41. Nf3+ Kd5 42. Ne1 Ne6 43. Kf3 Nf4 44. Ke3 h5 45. f3 f6 46. Kf2 Ke5 47. Ke3 Nd5+ 48. Kd2 hxg4 49. fxg4 Kf4 0-1